00322nam a2200133Ia 4500003000400000008004100004082001600045100002100061245004100082250000800123260004100131300000800172650000800180OSt191201s2009 xx 000 0 und d a658.3 bPAS aPANDEY,Mrinalini 0aStrategic Human Resource Development a1st aNew DelhibVrinda Publicationsc2009 a283 aMBA